Bod rozpojenia - jeho význam a dosah v logistických reťazcoch

Východisková definícia logistických reťazcov. Charakteristika bodu rozpojenia a jeho vplyv v logistických reťazcoch. Analýza logistického reťazca výroby, distribúcie a predaja polystyrénových dosiek z hľadiska lokalizácie a dosahu bodov rozpojenia.

Enregistré dans:
Détails bibliographiques
Auteur principal: Oreský, Milan, 1956-
Format: Chapitre de livre
Langue:slovaque
Sujets:
Tags: Ajouter un tag
Pas de tags, Soyez le premier à ajouter un tag!

MARC

LEADER 00000naa$a2200000$$$4500
001 0047943
005 20240502083128.6
041 0 |a slo 
044 |a CZ 
245 1 0 |a Bod rozpojenia - jeho význam a dosah v logistických reťazcoch  |c Milan Oreský 
520 |a Východisková definícia logistických reťazcov. Charakteristika bodu rozpojenia a jeho vplyv v logistických reťazcoch. Analýza logistického reťazca výroby, distribúcie a predaja polystyrénových dosiek z hľadiska lokalizácie a dosahu bodov rozpojenia. 
610 2 0 |a logistika 
610 2 0 |a reťazce logistické 
610 2 0 |a reťazce dodávateľsko-odberateľské 
610 2 0 |a manažment 
610 2 0 |a výroba 
610 2 0 |a predaj 
100 1 |a Oreský, Milan, 1956-